000 00824nmm a2200277 a 4500
003 AR-BaBNM
005 20251128210949.0
008 011101s2001 ||||||||||||||000 | spa||
020 _a99934-852-0-9
040 _cAR-BaBNM
100 1 _aPiñeiro Iñíguez, Carlos
_d1970-2000
245 1 0 _aPasión por América
_bensayos sobre Pedro Henríquez Ureña
260 _aSanto Domingo
_bEmbajada de la República Argentina en la República Dominicana
_c2001
300 0 _a128 p.
600 1 4 _aBorges, Jorge Luis
600 1 4 _aKorn, Alejandro
_d1860-1936
600 1 4 _aOcampo, Victoria
650 4 _aBIOGRAFIAS
650 4 _aLITERATURA
650 4 _aLITERATURA LATINOAMERICANA
651 4 _aArgentina
653 0 _aVANGUARDIAS LITERARIAS
653 0 _aGUERRA CIVIL ESPANOLA
655 _aBIOGRAFIAS
942 _cBK
999 _c17660
_d17660